000 00277nam a22001217a 4500
008 181217b xxu||||| |||| 00| 0 eng d
041 _aeng
080 _a910
100 _a43
101 _aGJEO
245 _aThe Times Atlas of World History
_cBarraclough, G
942 _2udc
_cBK
999 _c53298
_d53298